[Event "Clichy rapid op"]
[Site "Clichy"]
[Date "2022.07.??"]
[Round "7"]
[White "Baillon, Olivier"]
[Black "Demais, Traian"]
[Result "0-1"]
[WhiteElo "2246"]
[BlackElo "1984"]
[PlyCount "72"]
[EventDate "2022.07.09"]
[EventType "swiss (rapid)"]
[EventRounds "11"]
[EventCountry "FRA"]
[SourceTitle "EXT 2025"]
[Source "ChessBase"]
[SourceDate "2024.10.14"]
[SourceVersion "1"]
[SourceVersionDate "2024.10.14"]
[SourceQuality "1"]

1. Nf3 Nf6 2. c4 e6 3. e3 d5 4. b3 c5 5. Bb2 Nc6 6. cxd5 exd5 7. Bb5 Bg4 8. h3 Bh5 9. g4 Bg6 10. Ne5 Rc8 11. h4 Bd6 12. h5 Bxb1 13. Rxb1 Qe7 14. f4 Ne4 15. h6 f6 16. Nxc6 bxc6 17. Ba6 Rc7 18. Qf3 c4 19. hxg7 Qxg7 20. bxc4 Nc5 21. g5 Nd3+ 22. Ke2 Nxb2 23. Rxb2 fxg5 24. Qh5+ Rf7 25. Rb7 gxf4 26. Rg1 Qf6 27. exf4 Rhf8 28. cxd5 Qxf4 29. Re1 Kd8 30. Rxf7 Rxf7 31. Qh3 Re7+ 32. Kd1 Qa4+ 33. Qb3 Rxe1+ 34. Kxe1 Qxa6 35. dxc6 Qxc6 36. Qg8+ Qe8+ 0-1

[Event "Clichy rapid op"]
[Site "Clichy"]
[Date "2022.07.??"]
[Round "6"]
[White "Demais, Traian"]
[Black "Shirazi, Kamran"]
[Result "1-0"]
[WhiteElo "1984"]
[BlackElo "2291"]
[PlyCount "175"]
[EventDate "2022.07.09"]
[EventType "swiss (rapid)"]
[EventRounds "11"]
[EventCountry "FRA"]
[SourceTitle "EXT 2025"]
[Source "ChessBase"]
[SourceDate "2024.10.14"]
[SourceVersion "1"]
[SourceVersionDate "2024.10.14"]
[SourceQuality "1"]

1. e4 d5 2. exd5 c6 3. d4 cxd5 4. Bd3 Nc6 5. Nf3 Bg4 6. c3 e5 7. dxe5 Nxe5 8. Be2 Nc6 9. Be3 Nge7 10. h3 Bh5 11. Qd2 Nf5 12. Bg5 f6 13. Bf4 Bf7 14. 0-0 g5 15. Bh2 Bc5 16. Bd3 Nd6 17. Re1+ Kf8 18. a4 a5 19. Qc2 Kg7 20. Nbd2 Re8 21. Nf1 Ne4 22. Bxe4 Rxe4 23. Ng3 Rxe1+ 24. Rxe1 Bg6 25. Qd2 b6 26. Ne2 Qd7 27. Ned4 Nxd4 28. Nxd4 Re8 29. Nb5 Rxe1+ 30. Qxe1 g4 31. h4 Bc2 32. Nd4 Bxd4 33. cxd4 Bxa4 34. Bf4 Qf5 35. Qe7+ Kg6 36. Be3 Qd7 37. Qf8 Bd1 38. Qh6+ Kf5 39. Qf4+ Ke6 40. Qb8 b5 41. Qb6+ Kf7 42. Qxa5 Bc2 43. Qa8 Be4 44. Qb8 Qe8 45. Qf4 Qe6 46. Qc7+ Kg6 47. Qf4 b4 48. Qb8 Qe7 49. Qg8+ Kf5 50. Qc8+ Qe6 51. Qf8 b3 52. Qh6 Qg8 53. Qf4+ Ke6 54. Qc7 g3 55. fxg3 Qe8 56. Qb6+ Kf7 57. Qxb3 Kg6 58. Qd1 Qe6 59. Qd2 Qg4 60. Kh2 Kf7 61. b4 Qd7 62. Bf4 Qb5 63. h5 Qf1 64. h6 Kg6 65. Qb2 Bd3 66. Qa2 Bc4 67. Qa7 Qe2 68. Qg7+ Kh5 69. Qxh7 Bd3 70. Qf7+ Bg6 71. Qxd5+ f5 72. Qf3+ Qxf3 73. gxf3 Bh7 74. Kh3 Kg6 75. b5 Bg8 76. b6 Bd5 77. Kg2 Bb7 78. Kf2 Kh7 79. Ke3 Kg6 80. Ke2 Bc6 81. Kd3 Bxf3 82. Kc4 Bb7 83. Kc5 Kf7 84. Kd6 Ba6 85. Be5 Kg6 86. Kc7 Kxh6 87. b7 Bxb7 88. Kxb7 1-0

[Event "Clichy rapid op"]
[Site "Clichy"]
[Date "2022.07.??"]
[Round "9"]
[White "Dumas, Charles"]
[Black "Demais, Traian"]
[Result "0-1"]
[WhiteElo "2115"]
[BlackElo "1984"]
[PlyCount "94"]
[EventDate "2022.07.09"]
[EventType "swiss (rapid)"]
[EventRounds "11"]
[EventCountry "FRA"]
[SourceTitle "EXT 2025"]
[Source "ChessBase"]
[SourceDate "2024.10.14"]
[SourceVersion "1"]
[SourceVersionDate "2024.10.14"]
[SourceQuality "1"]

1. e4 c5 2. Nf3 Nc6 3. Bb5 a6 4. Bxc6 dxc6 5. d3 Qc7 6. h3 e5 7. a4 a5 8. Be3 f6 9. Nbd2 Be6 10. 0-0 Bd6 11. Nc4 Ne7 12. Qd2 0-0 13. Qc3 b6 14. Nfd2 Ng6 15. Nxd6 Qxd6 16. Nc4 Qc7 17. Qd2 Rad8 18. b3 Nf4 19. Bxf4 exf4 20. Qe2 Ra8 21. Rfe1 Rfe8 22. Qh5 Bf7 23. Qf3 b5 24. Nd2 Qe5 25. Qg4 Qc3 26. Qd1 Red8 27. Nf3 c4 28. bxc4 bxc4 29. d4 Rab8 30. Rb1 Rb4 31. e5 fxe5 32. Rxe5 Bd5 33. Rxb4 axb4 34. Qe2 Bf7 35. Re7 b3 36. Rxf7 Kxf7 37. Ng5+ Kg6 38. h4 Qxd4 39. Qe6+ Qf6 40. Qe4+ Qf5 41. Qxc6+ Kh5 42. cxb3 cxb3 43. Qf3+ Qg4 44. Qxb3 Qd1+ 45. Qxd1+ Rxd1+ 46. Kh2 Kxh4 47. Nxh7 Rd8 0-1